Prierezový prehľad požiadaviek na vykazovanie nehmotného majetku podľa medzinárodných štandardov pre finančné vykazovanie diplomová práca

Enregistré dans:
Détails bibliographiques
Auteur principal: Šoková, Petra
Collectivité auteur: Fakulta hospodárskej informatiky EU. Katedra účtovníctva a audítorstva
Autres auteurs: Mokošová, Daša, 1979-
Format: Livre
Langue:slovaque
Publié: Bratislava 2009
Tags: Ajouter un tag
Pas de tags, Soyez le premier à ajouter un tag!

MARC

LEADER 00000nam$a2200000$$$4500
001 0097806
005 20240318134849.4
041 0 |a slo 
044 |a SK 
245 1 0 |a Prierezový prehľad požiadaviek na vykazovanie nehmotného majetku podľa medzinárodných štandardov pre finančné vykazovanie  |b diplomová práca  |c Petra Šoková ; škol. Daša Mokošová 
264 1 |a Bratislava  |c 2009 
300 |a 67 s. 
100 1 |a Šoková, Petra 
700 1 |a Mokošová, Daša, 1979- 
710 2 |a Fakulta hospodárskej informatiky EU. Katedra účtovníctva a audítorstva